| 000 | 00668nam a22002057a 4500 | ||
|---|---|---|---|
| 003 | OSt | ||
| 005 | 20140310183050.0 | ||
| 008 | 130227t xxu||||| |||| 00| 0 eng d | ||
| 020 | _a9789715426664 | ||
| 050 |
_aBH 301.P69 _b.C128 2012 |
||
| 082 |
_aFIL 704.949320959 _b.C128 2012 |
||
| 245 |
_aSacrificial bodies _bthe oblation and the political aesthetics of masculine representations in Philippine visual cultures _cCaƱete, Reuben Ramas |
||
| 260 |
_aQuezon City _bUniversity of the Philippines Press _cc2012 |
||
| 300 |
_axii, 380 p. _bill. _c23 cm. |
||
| 521 | _aCollege | ||
| 526 | _c1210L-1700L | ||
| 541 | _j1 | ||
| 562 | _e1 | ||
| 942 |
_2lcc _cBK _kFIL |
||
| 999 |
_c18650 _d18650 |
||